| 000 | 00000nam##2200000za#4500 |
| 001 | 9.615976 |
| 003 | CaOODSP |
| 005 | 20211126112847 |
| 007 | ta |
| 008 | 150406|2002||||xxc||||| f|0| 0 eng|d |
| 022 | |a1192-5434 |
| 040 | |aCaOODSP|beng |
| 043 | |an-cn--- |
| 086 | 1 |aFB3-2/102-11E |
| 110 | 2 |aBank of Canada. |
| 245 | 10|aRisk, entropy, and the transformation of distributions / |cby R. Mark Reesor and Don L. McLeish. |
| 260 | |aOttawa - Ontario : |bBank of Canada |c2002. |
| 300 | |av, 34p. : |bgraphs, references, tables ; |c28 cm. |
| 490 | 1 |aWorking paper|x1192-5434|v2002-11 |
| 500 | |a"The exponential family, relative entropy, and distortion are methods of transforming probability distributions. We establish a link between those methods, focusing on the relation between relative entropy and distortion."--Abstract. |
| 520 | 3 |aThe exponential family, relative entropy, and distortion are methods of transforming probability distributions. We establish a link between those methods, focusing on the relation between relative entropy and distortion.--Abstract |
| 546 | |aRésumés en français |
| 563 | |aSoftcover |
| 590 | |a02-23|b2002-06-07 |
| 690 | 07|aDistribution|2gcpds |
| 690 | 07|aEconomic indicators|2gcpds |
| 690 | 07|aModels|2gcpds |
| 720 | 1 |aReesor, R. Mark |
| 720 | 1 |aMcLeish, Don L. |
| 776 | 0#|tRisk, entropy, and the transformation of distributions / |w(CaOODSP)9.571590 |
| 830 | #0|aWorking paper,|x1192-5434|v2002-11|w(CaOODSP)9.514622 |